000 01275nam a22003257a 4500
001 12196569
003 OSt
005 20170518103155.0
008 170303b xxu||||| |||| 00| 0 eng d
010 _a 00049945
020 _a0766811573
040 _aMMU
_cMMU
_dMMU
_beng
043 _an-us---
050 0 0 _aKF1250
_b.S73 2001
082 0 0 _a346.7303
_221
100 1 _aStatsky, William P.
245 1 0 _aEssentials of torts /
_cWilliam P. Statsky.
250 _a2nd ed.
260 _aAlbany, NY :
_bWest/Thomson Learning,
_cc2001.
300 _axiv, 363 p. ;
_c28 cm.
500 _aIncludes index.
650 0 _aTorts
_zUnited States.
650 0 _aLegal assistants
_zUnited States
_vHandbooks, manuals, etc.
856 4 2 _3Publisher description
_uhttp://www.loc.gov/catdir/enhancements/fy1215/00049945-d.html
856 4 1 _3Table of contents only
_uhttp://www.loc.gov/catdir/enhancements/fy1215/00049945-t.html
856 4 2 _3Contributor biographical information
_uhttp://www.loc.gov/catdir/enhancements/fy1302/00049945-b.html
906 _a7
_bcbc
_corignew
_d1
_eocip
_f20
_gy-gencatlg
942 _2lcc
_cLOAN LOAN
999 _c24136
_d24136